Statistics for Countries Export Most Sausages by Income

Click here to take the quiz!

General Stats

  • This quiz has been taken 97 times
    (80 since last reset)
  • The average score is 8 of 10

Answer Stats

Income (USD)Country% Correct
676.4MGermany
99%
548.0MUnited States
96%
461.7MItaly
89%
206.7MFrance
87%
410.2MSpain
87%
266.3MPoland
84%
244.2MAustria
76%
117.2MBelgium
67%
150.7MNetherlands
65%
143.7MDenmark
53%

Score Distribution

Percentile by Number Answered

Percent of People with Each Score

Your Score History

You have not taken this quiz since the last reset